00000000nam##2200000za#4500
0019.612877
003CaOODSP
00520200327125708
007ta
008150406|1995||||xxc|||||     f|0| 0 eng|d
020 |a0-662-24187-8
040 |aCaOODSP|beng
043 |an-cn---
0861 |aLU2-153/200-1995E
1101 |aCanada.|bHuman Resources Development Canada. |bUnemployment Insurance.
24510|aUnemployment Insurance, temporary layoffs and recall expectations|cby Miles Corak.
260 |aOttawa - Ontario : |bHuman Resources Development Canada. |c1995.
300 |a56p. : |bgraphs, tables ; |c30 cm.
4901 |aUnemployment Insurance evaluation series
500 |a"This study has three objectives: (1) to document the extent of temporary layoffs in the Canadian labour market; (2) to examine the relationship between temporary layoffs and repeat use of the unemployment insurance program; and (3) to examine the length of time that laid-off individuals spend in receipt of unemployment insurance benefits according to their expectation of being recalled by a former employer."--Abstract.
504 |aBibliography.
5203 |aThis study has three objectives: (1) to document the extent of temporary layoffs in the Canadian labour market; (2) to examine the relationship between temporary layoffs and repeat use of the unemployment insurance program; and (3) to examine the length of time that laid-off individuals spend in receipt of unemployment insurance benefits according to their expectation of being recalled by a former employer.--Abstract
563 |aSoftcover
590 |a96-06|b1996-02-09
69007|aEmployment insurance|2gcpds
7201 |aCorak, Miles
7760#|tUnemployment insurance, temporary layoffs and recall expectations / |w(CaOODSP)9.576009
830#0|aUnemployment insurance evaluation series.|w(CaOODSP)9.514754
986 |aIN-AH-200E-03-95